| 000 | 01693nam2a2200337 4500 | ||
|---|---|---|---|
| 001 | RU\NLR\bibl\410094 | ||
| 005 | 20250622170823.0 | ||
| 010 | _a5-275-00753-1 | ||
| 021 |
_aRU _b2003-19821 _9914 |
||
| 035 | _a(NLR Aleph) 000404168 | ||
| 090 |
_a594080 _c594080 |
||
| 100 | _a20030606d2003 |||y0rusy50 ca | ||
| 101 | 1 |
_arus _ceng |
|
| 102 | _aRU | ||
| 105 | _ay ||||||||| | ||
| 200 | 1 |
_aШкола жизни _eРоман (окончание) _f[Пер. К. Жихаревой] _aМорская дева _eРоман _f[Пер. Б. Акимова] _aРассказы _f[Пер. А. Туфанова и др.] |
|
| 210 |
_d2003 _aБ. м. |
||
| 215 | _a381, [2] с. | ||
| 327 | 1 | _aСодерж.: Романы: Школа жизни (окончание); Морская дева; Рассказы: Паучья долина; Яблоко; Бабочка Genus Novo; Поразительный случай с глазами Дэвидсона; Калитка в стене | |
| 461 | 0 |
_1001RU\NLR\bibl\371656 _12001#$aСобрание сочинений$vТ. 11 _9366583 _aУэллс, Г. Д. (1866-1946) _cМ. _d2002 _fГерберт Джордж Уэллс _nТЕРРА-Кн. клуб _o[Пер. с англ.] : В 12 т. _tСобрание сочинений _y5-275-00596-2 _vТ. 11 |
|
| 610 | 0 | _aНаучно-фантастические романы и рассказы (х. л.) | |
| 675 |
_a821.111Уэллс2 _v3 _zrus |
||
| 675 |
_a821.111-31Уэллс _v3 _zrus |
||
| 686 |
_a17.82 _2rugasnti |
||
| 686 |
_a84(4Вел)-44 _2rubbk |
||
| 801 | 0 |
_aRU _bRKP _c20030606 _gPSBO |
|
| 801 | 1 |
_aRU _bRKP _c20030606 |
|
| 801 | 2 |
_aRU _bNLR _c20030820 _grcr |
|
| 942 | _cBOOK | ||
| 980 | _aNB | ||